| 000 | 00484nam a2200169 a 4500 | ||
|---|---|---|---|
| 005 | 20240919064730.0 | ||
| 008 | 991125s1970 mx 000 0 spa u | ||
| 035 | _aUPN01000045182 | ||
| 049 | _aCG | ||
| 050 | 4 |
_aLC191 _bI2.6 |
|
| 100 | 1 |
_aIbarrola Nicolín, María de _928556 |
|
| 245 | 1 | 0 |
_aPobreza y aspiraciones escolares / _cMaría de Ibarrola Nicolín. |
| 260 |
_aMéxico : _bCEE, _c1970. |
||
| 300 | _a190 p. | ||
| 650 | 4 |
_aEducación _xAspectos sociales _95311 |
|
| 905 | _aLibro | ||
| 999 |
_c45182 _d45182 |
||